00301nam a2200109Ia 4500008004100000050001500041100001900056245003800075260004100113300002400154650001300178150202s9999 xx 000 0 und d aFIC bFIC  aJordan, Penny. 2aA forbidden LovingcPenny Jordan. aAustralia :bHarlequin Books,c1991. a220 pages :c18 cm. aFiction.